[Event "Portugal Open 2020"]
[Site "Lisboa POR"]
[Date "2020.01.31"]
[Round "8.12"]
[White "TABOAS RODRIGUEZ, Daniel"]
[Black "CAMPORA, Daniel"]
[Result "1-0"]
[BlackElo "2420"]
[WhiteElo "2348"]
[LiveChessVersion "1.4.8"]

1. d4 Nf6 2. Nf3 e6 3. c4 d5 {[%clk 1:31:24]} 4. Nc3 {[%clk 1:31:57]} Be7
{[%clk 1:30:58]} 5. Bg5 {[%clk 1:32:22]} h6 {[%clk 1:30:53]} 6. Bh4
{[%clk 1:32:47]} O-O {[%clk 1:30:45]} 7. e3 {[%clk 1:33:13]} Ne4 {[%clk 1:30:26]}
8. Bxe7 {[%clk 1:32:51]} Qxe7 {[%clk 1:30:50]} 9. Rc1 {[%clk 1:32:13]} Nxc3
{[%clk 1:21:01]} 10. Rxc3 {[%clk 1:32:34]} c6 {[%clk 1:21:26]} 11. Bd3
{[%clk 1:32:58]} Nd7 {[%clk 1:21:15]} 12. O-O {[%clk 1:33:22]} Rd8
{[%clk 1:13:25]} 13. Qc2 {[%clk 1:28:48]} dxc4 {[%clk 1:10:52]} 14. Bxc4
{[%clk 1:28:40]} Nb6 {[%clk 1:08:19]} 15. Bb3 {[%clk 1:27:42]} Bd7
{[%clk 1:07:34]} 16. Qe4 {[%clk 1:18:01]} Nd5 {[%clk 1:05:42]} 17. Rc4
{[%clk 1:15:19]} Rac8 {[%clk 1:03:49]} 18. Rfc1 {[%clk 1:15:26]} Be8
{[%clk 1:03:21]} 19. Rc5 {[%clk 1:04:51]} f6 {[%clk 0:56:43]} 20. a3
{[%clk 1:04:51]} Rc7 {[%clk 0:56:43]} 21. h3 {[%clk 0:51:27]} g5 {[%clk 0:56:09]}
22. Bxd5 {[%clk 0:49:55]} exd5 {[%clk 0:55:31]} 23. Qxe7 {[%clk 0:50:03]} Rxe7
{[%clk 0:55:54]} 24. b4 {[%clk 0:50:21]} a6 {[%clk 0:56:07]} 25. a4
{[%clk 0:48:05]} Kf8 {[%clk 0:55:48]} 26. Kf1 {[%clk 0:45:17]} Rd6
{[%clk 0:55:37]} 27. Ke1 {[%clk 0:45:23]} Bd7 {[%clk 0:53:04]} 28. Kd2
{[%clk 0:43:10]} Kf7 {[%clk 0:53:22]} 29. Rh1 {[%clk 0:40:54]} Kg8
{[%clk 0:48:11]} 30. Rcc1 {[%clk 0:38:29]} Rde6 {[%clk 0:47:18]} 31. Ne1
{[%clk 0:23:27]} Rd6 {[%clk 0:46:51]} 32. Nd3 {[%clk 0:23:23]} Bf5
{[%clk 0:46:42]} 33. Nc5 {[%clk 0:23:39]} Bc8 {[%clk 0:45:22]} 34. h4
{[%clk 0:23:39]} b6 {[%clk 0:43:21]} 35. Nb3 {[%clk 0:22:58]} Rb7
{[%clk 0:38:14]} 36. Rc3 {[%clk 0:22:16]} Bd7 {[%clk 0:37:18]} 37. a5
{[%clk 0:17:17]} bxa5 {[%clk 0:36:47]} 38. bxa5 {[%clk 0:17:42]} Rb5
{[%clk 0:37:00]} 39. hxg5 {[%clk 0:17:43]} fxg5 {[%clk 0:34:40]} 40. Ra1
{[%clk 0:17:12]} h5 {[%clk 0:34:27]} 41. Nc5 {[%clk 0:17:28]} Bc8
{[%clk 0:33:20]} 42. Rb3 {[%clk 0:17:46]} Rf6 {[%clk 0:31:00]} 43. Ke2
{[%clk 0:16:55]} h4 {[%clk 0:30:14]} 44. Rxb5 {[%clk 0:16:55]} cxb5
{[%clk 0:30:33]} 45. Rh1 {[%clk 0:17:07]} Kg7 {[%clk 0:29:26]} 46. f3
{[%clk 0:16:58]} Rc6 {[%clk 0:25:13]} 47. Kd3 {[%clk 0:15:14]} Rh6
{[%clk 0:23:15]} 48. Ke2 {[%clk 0:07:18]} g4 {[%clk 0:22:45]} 49. Nd3
{[%clk 0:05:55]} h3 {[%clk 0:21:52]} 50. Kf2 {[%clk 0:05:33]} Rc6
{[%clk 0:11:33]} 51. Nc5 {[%clk 0:05:16]} g3+ {[%clk 0:09:45]} 52. Kxg3
{[%clk 0:04:40]} Rg6+ {[%clk 0:10:10]} 53. Kf4 {[%clk 0:05:04]} Rxg2
{[%clk 0:10:35]} 54. e4 {[%clk 0:05:06]} Kf7 {[%clk 0:08:50]} 55. Ke5
{[%clk 0:04:39]} dxe4 {[%clk 0:06:26]} 56. fxe4 {[%clk 0:05:08]} Ke7
{[%clk 0:03:37]} 57. d5 {[%clk 0:05:12]} Rg5+ {[%clk 0:03:21]} 58. Kd4
{[%clk 0:04:54]} Rh5 {[%clk 0:03:42]} 59. e5 {[%clk 0:05:17]} Rh4+
{[%clk 0:04:39]} 60. Ke3 {[%clk 0:06:00]} Rc4 {[%clk 0:04:53]} 61. Ne4
{[%clk 0:05:08]} Bf5 {[%clk 0:03:54]} 62. Nd6 {[%clk 0:05:33]} Rc3+
{[%clk 0:04:10]} 63. Kf4 {[%clk 0:05:35]} Bc2 {[%clk 0:04:33]} 64. Nf5+
{[%clk 0:05:40]} Bxf5 {[%clk 0:04:05]} 65. Kxf5 {[%clk 0:06:08]} Rf3+
{[%clk 0:03:49]} 66. Ke4 {[%clk 0:06:32]} Rc3 {[%clk 0:03:53]} 67. Rg1
{[%clk 0:06:21]} Rc4+ {[%clk 0:03:59]} 68. Kf5 {[%clk 0:06:43]} Rh4
{[%clk 0:04:23]} 69. d6+ {[%clk 0:06:04]} Kf8 {[%clk 0:04:30]} 70. e6
{[%clk 0:02:10]} h2 {[%clk 0:03:48]} 71. e7+ {[%clk 0:02:36]} Kf7
{[%clk 0:03:49]} 72. Re1 {[%clk 0:01:48]} 1-0

[Event "Portugal Open 2020"]
[Site "Lisboa POR"]
[Date "2020.01.31"]
[Round "8.13"]
[White "POYSTI, Nathanael"]
[Black "SOUSA, Andre V"]
[Result "1/2-1/2"]
[BlackElo "2391"]
[WhiteElo "2203"]
[LiveChessVersion "1.4.8"]

1. c4 {[%clk 1:30:58]} e6 {[%clk 1:30:57]} 2. Nc3 {[%clk 1:31:24]} d5
{[%clk 1:31:24]} 3. d4 {[%clk 1:31:49]} Bb4 {[%clk 1:31:52]} 4. a3
{[%clk 1:32:14]} Bxc3+ {[%clk 1:32:18]} 5. bxc3 {[%clk 1:32:39]} c6
{[%clk 1:32:46]} 6. e3 {[%clk 1:32:01]} Nf6 {[%clk 1:33:13]} 7. a4
{[%clk 1:31:40]} O-O {[%clk 1:33:16]} 8. Ba3 {[%clk 1:31:31]} Re8
{[%clk 1:33:42]} 9. Nf3 {[%clk 1:31:44]} b6 {[%clk 1:33:54]} 10. cxd5
{[%clk 1:31:35]} cxd5 {[%clk 1:33:28]} 11. Bb5 {[%clk 1:31:48]} Bd7
{[%clk 1:32:51]} 12. Bd3 {[%clk 1:32:07]} Nc6 {[%clk 1:31:56]} 13. O-O
{[%clk 1:32:30]} e5 {[%clk 1:25:42]} 14. Nxe5 {[%clk 1:32:49]} Nxe5
{[%clk 1:26:07]} 15. dxe5 {[%clk 1:33:15]} Rxe5 {[%clk 1:26:34]} 16. Bb2
{[%clk 1:33:39]} Bc6 {[%clk 1:24:17]} 17. c4 {[%clk 1:28:00]} Rg5
{[%clk 1:24:15]} 18. f3 {[%clk 1:08:15]} Qe8 {[%clk 1:14:25]} 19. Bd4
{[%clk 1:05:16]} Rd8 {[%clk 1:14:16]} 20. c5 {[%clk 0:51:58]} bxc5
{[%clk 1:09:37]} 21. Bxc5 {[%clk 0:52:23]} d4 {[%clk 1:09:56]} 22. Bxd4
{[%clk 0:52:36]} Nh5 {[%clk 1:03:21]} 23. Bb5 {[%clk 0:46:22]} a6
{[%clk 0:56:50]} 24. Bxc6 {[%clk 0:41:34]} Qxc6 {[%clk 0:57:02]} 25. Rc1
{[%clk 0:41:17]} Qe6 {[%clk 0:52:31]} 26. f4 {[%clk 0:35:01]} Rgd5
{[%clk 0:50:39]} 27. Qf3 {[%clk 0:32:27]} Nf6 {[%clk 0:44:28]} 28. Rc2
{[%clk 0:32:14]} Qd7 {[%clk 0:40:21]} 29. Rc4 {[%clk 0:25:35]} Qf5
{[%clk 0:36:42]} 30. Qg3 {[%clk 0:19:36]} R5d6 {[%clk 0:27:20]} 31. Rfc1
{[%clk 0:19:11]} Nh5 {[%clk 0:27:22]} 32. Qg5 {[%clk 0:17:50]} Qxg5
{[%clk 0:22:28]} 33. fxg5 {[%clk 0:18:10]} h6 {[%clk 0:22:54]} 34. gxh6
{[%clk 0:18:12]} gxh6 {[%clk 0:22:28]} 35. g3 {[%clk 0:13:14]} Ng7
{[%clk 0:22:31]} 36. Rc8 {[%clk 0:13:13]} Nf5 {[%clk 0:20:43]} 37. Rxd8+
{[%clk 0:13:18]} Rxd8 {[%clk 0:21:08]} 38. Rc4 {[%clk 0:13:00]} Rb8
{[%clk 0:20:09]} 39. Kf2 {[%clk 0:11:20]} Nxd4 {[%clk 0:17:06]} 40. exd4
{[%clk 0:11:48]} Rb2+ {[%clk 0:17:30]} 41. Ke3 {[%clk 0:12:05]} Rxh2
{[%clk 0:17:53]} 42. Rc6 {[%clk 0:12:19]} a5 {[%clk 0:16:15]} 43. Rc5
{[%clk 0:12:39]} Kf8 {[%clk 0:15:43]} 44. Rxa5 {[%clk 0:12:37]} Ke7
{[%clk 0:15:41]} 45. Ke4 {[%clk 0:11:40]} Rh3 {[%clk 0:14:45]} 46. Ra6
{[%clk 0:08:38]} Rxg3 {[%clk 0:13:41]} 47. Rxh6 {[%clk 0:09:01]} Rg4+
{[%clk 0:14:04]} 48. Kd5 {[%clk 0:09:02]} Rg5+ {[%clk 0:14:23]} 49. Kc4
{[%clk 0:09:18]} f5 {[%clk 0:13:36]} 50. a5 {[%clk 0:08:47]} f4 {[%clk 0:14:02]}
51. a6 {[%clk 0:09:07]} f3 {[%clk 0:14:17]} 52. Kd3 {[%clk 0:05:14]} Rf5
{[%clk 0:14:09]} 53. a7 {[%clk 0:05:10]} f2 {[%clk 0:14:34]} 54. Rh1
{[%clk 0:05:32]} Ra5 {[%clk 0:14:47]} 55. Ke2 {[%clk 0:05:39]} Ra2+
{[%clk 0:14:35]} 56. Kf1 {[%clk 0:05:50]} Kd6 {[%clk 0:15:04]} 57. Rh7
{[%clk 0:04:14]} Kd5 {[%clk 0:15:17]} 58. Rd7+ {[%clk 0:04:04]} Kc6
{[%clk 0:15:22]} 59. Rd8 {[%clk 0:03:01]} Rxa7 {[%clk 0:15:48]} 60. Kxf2
{[%clk 0:03:26]} Ra3 {[%clk 0:16:10]} 1/2-1/2

[Event "Portugal Open 2020"]
[Site "Lisboa POR"]
[Date "2020.01.31"]
[Round "8.14"]
[White "SARKAR, Justin"]
[Black "BALBUENA FUENTES, Mario"]
[Result "1/2-1/2"]
[BlackElo "2234"]
[WhiteElo "2385"]
[LiveChessVersion "1.4.8"]

1. d4 {[%clk 1:28:53]} e6 {[%clk 1:30:33]} 2. c4 {[%clk 1:28:17]} Nf6
{[%clk 1:30:33]} 3. Nc3 {[%clk 1:26:01]} Bb4 {[%clk 1:30:42]} 4. e3
{[%clk 1:25:31]} O-O {[%clk 1:30:47]} 5. Nf3 {[%clk 1:25:28]} d5 {[%clk 1:30:16]}
6. Bd3 {[%clk 1:24:10]} c5 {[%clk 1:30:17]} 7. O-O {[%clk 1:24:25]} dxc4
{[%clk 1:30:07]} 8. Bxc4 {[%clk 1:24:48]} Nbd7 {[%clk 1:30:04]} 9. Qe2
{[%clk 1:14:29]} b6 {[%clk 1:29:42]} 10. Rd1 {[%clk 1:06:47]} cxd4
{[%clk 1:29:26]} 11. exd4 {[%clk 0:59:05]} Bxc3 {[%clk 1:29:19]} 12. bxc3
{[%clk 0:59:30]} Qc7 {[%clk 1:29:41]} 13. Bd2 {[%clk 0:35:00]} Bb7
{[%clk 1:28:55]} 14. Bd3 {[%clk 0:32:27]} Rfe8 {[%clk 1:28:31]} 15. Re1
{[%clk 0:23:19]} Rac8 {[%clk 1:28:45]} 16. c4 {[%clk 0:23:05]} Bxf3
{[%clk 1:28:08]} 17. Qxf3 {[%clk 0:14:23]} e5 18. Qe3 exd4 {[%clk 1:07:42]} 19.
Qxd4 {[%clk 0:14:50]} Nc5 {[%clk 1:07:35]} 20. Bf1 {[%clk 0:09:57]} Nce4
{[%clk 0:36:30]} 21. Be3 {[%clk 0:04:13]} Red8 {[%clk 0:26:18]} 22. Qb2
{[%clk 0:04:40]} Ng4 {[%clk 0:26:16]} 23. g3 {[%clk 0:05:05]} Nxe3
{[%clk 0:20:38]} 24. Rxe3 {[%clk 0:05:31]} Nd2 {[%clk 0:18:13]} 25. Rc1
{[%clk 0:04:56]} Nxf1 {[%clk 0:10:17]} 26. Kxf1 {[%clk 0:05:24]} Qc6
{[%clk 0:08:57]} 27. Kg1 {[%clk 0:05:46]} h6 {[%clk 0:08:10]} 28. Qb3
{[%clk 0:05:19]} Rd2 {[%clk 0:06:17]} 29. Rd3 {[%clk 0:03:54]} Rxd3
{[%clk 0:04:59]} 30. Qxd3 {[%clk 0:04:22]} Qc5 {[%clk 0:05:07]} 31. Re1
{[%clk 0:04:28]} g6 {[%clk 0:05:23]} 32. Re4 {[%clk 0:04:42]} Qf5
{[%clk 0:04:08]} 33. Kg2 {[%clk 0:04:12]} Kh7 {[%clk 0:03:49]} 34. Qd4
{[%clk 0:03:48]} Rd8 {[%clk 0:03:34]} 35. Qe5 {[%clk 0:03:47]} Qxe5
{[%clk 0:02:05]} 36. Rxe5 {[%clk 0:04:15]} Rc8 {[%clk 0:01:55]} 37. Re7
{[%clk 0:04:31]} Kg7 {[%clk 0:02:21]} 38. Rxa7 {[%clk 0:04:56]} Rxc4
{[%clk 0:02:46]} 1/2-1/2

[Event "Portugal Open 2020"]
[Site "Lisboa POR"]
[Date "2020.01.31"]
[Round "8.15"]
[White "SOHAM, Das"]
[Black "VEIGA, Francisco"]
[Result "1-0"]
[BlackElo "2312"]
[WhiteElo "2355"]
[LiveChessVersion "1.4.8"]

1. d4 {[%clk 1:27:30]} Nf6 {[%clk 1:30:40]} 2. c4 {[%clk 1:27:55]} g6
{[%clk 1:30:05]} 3. Nc3 {[%clk 1:27:36]} Bg7 {[%clk 1:29:52]} 4. e4
{[%clk 1:25:43]} d6 {[%clk 1:28:56]} 5. Be2 {[%clk 1:26:05]} O-O {[%clk 1:29:10]}
6. Be3 {[%clk 1:26:31]} e5 {[%clk 1:27:23]} 7. d5 {[%clk 1:26:51]} a5
{[%clk 1:25:39]} 8. h4 {[%clk 1:21:32]} Na6 {[%clk 1:22:05]} 9. g4
{[%clk 1:02:11]} Nc5 {[%clk 1:21:16]} 10. f3 {[%clk 1:00:25]} h5 {[%clk 0:51:18]}
11. g5 {[%clk 0:58:56]} Nfd7 {[%clk 0:50:10]} 12. Nh3 {[%clk 0:58:16]} Nb6
{[%clk 0:46:13]} 13. Qd2 {[%clk 0:53:26]} Bd7 {[%clk 0:44:58]} 14. Kf2
{[%clk 0:52:52]} Nba4 {[%clk 0:36:32]} 15. Nb5 {[%clk 0:51:18]} Nb6
{[%clk 0:19:01]} 16. Kg2 {[%clk 0:50:19]} Kh7 {[%clk 0:14:52]} 17. b3
{[%clk 0:45:59]} Qc8 {[%clk 0:14:41]} 18. Qb2 {[%clk 0:39:11]} Rd8
{[%clk 0:13:05]} 19. Nf2 {[%clk 0:37:37]} Be8 {[%clk 0:12:37]} 20. Rhd1
{[%clk 0:36:54]} Bd7 {[%clk 0:10:32]} 21. Qa3 {[%clk 0:32:30]} Bf8
{[%clk 0:09:14]} 22. Rd2 {[%clk 0:28:52]} Be8 {[%clk 0:09:13]} 23. Rad1
{[%clk 0:27:46]} Nbd7 {[%clk 0:08:54]} 24. Kg3 {[%clk 0:26:35]} Be7
{[%clk 0:08:00]} 25. Bf1 {[%clk 0:26:33]} f5 {[%clk 0:07:33]} 26. gxf6
{[%clk 0:21:14]} Nxf6 {[%clk 0:07:45]} 27. Bh3 {[%clk 0:16:17]} Qb8
{[%clk 0:08:00]} 28. Qb2 {[%clk 0:14:34]} Nfd7 {[%clk 0:07:16]} 29. Bg2
{[%clk 0:14:17]} Nb6 {[%clk 0:05:27]} 30. Bxc5 {[%clk 0:11:59]} dxc5
{[%clk 0:04:07]} 31. Qxe5 {[%clk 0:12:28]} Nc8 {[%clk 0:04:22]} 32. f4
{[%clk 0:11:43]} Bxb5 {[%clk 0:02:55]} 33. cxb5 {[%clk 0:12:12]} Rf8
{[%clk 0:02:55]} 34. Nh3 {[%clk 0:12:03]} Bf6 {[%clk 0:02:28]} 35. Ng5+
{[%clk 0:11:34]} Kh8 {[%clk 0:02:57]} 36. Qe6 {[%clk 0:11:44]} Nd6
{[%clk 0:03:20]} 37. Qd7 {[%clk 0:05:00]} Bxg5 {[%clk 0:03:47]} 38. hxg5
{[%clk 0:05:29]} Rf7 {[%clk 0:04:11]} 39. Qe6 {[%clk 0:05:50]} Qg8
{[%clk 0:04:39]} 40. Qe5+ {[%clk 0:05:46]} Kh7 {[%clk 0:04:52]} 41. Bh3
{[%clk 0:05:55]} Re8 {[%clk 0:03:50]} 42. Be6 {[%clk 0:06:19]} Qf8
{[%clk 0:04:16]} 43. Rh1 {[%clk 0:06:08]} Nxb5 {[%clk 0:03:21]} 44. f5
{[%clk 0:05:06]} Nd4 {[%clk 0:02:26]} 45. Rdh2 {[%clk 0:05:02]} Nxf5+
{[%clk 0:00:54]} 46. exf5 {[%clk 0:05:18]} Rxf5 {[%clk 0:01:20]} 47. Rxh5+
{[%clk 0:05:36]} gxh5 {[%clk 0:01:45]} 48. Bxf5+ {[%clk 0:06:02]} Kg8
{[%clk 0:02:05]} 49. Be6+ {[%clk 0:06:26]} Kh7 {[%clk 0:02:24]} 50. Rxh5+
{[%clk 0:06:53]} Kg6 {[%clk 0:02:48]} 51. Rh6+ {[%clk 0:07:12]} 1-0

[Event "Portugal Open 2020"]
[Site "Lisboa POR"]
[Date "2020.01.31"]
[Round "8.16"]
[White "BAYRAMOV, Zaur"]
[Black "PLICHTA, Kamil"]
[Result "0-1"]
[BlackElo "2353"]
[WhiteElo "2333"]
[LiveChessVersion "1.4.8"]

1. d4 {[%clk 1:30:55]} Nf6 {[%clk 1:30:54]} 2. Nf3 {[%clk 1:31:18]} g6
{[%clk 1:31:19]} 3. Bg5 {[%clk 1:31:40]} Bg7 {[%clk 1:31:41]} 4. Nbd2
{[%clk 1:31:56]} O-O {[%clk 1:32:04]} 5. e4 {[%clk 1:32:17]} d5 {[%clk 1:32:29]}
6. exd5 {[%clk 1:30:47]} Nxd5 {[%clk 1:32:48]} 7. c3 {[%clk 1:30:24]} h6
{[%clk 1:33:08]} 8. Be3 {[%clk 1:21:39]} Nxe3 {[%clk 1:32:52]} 9. fxe3
{[%clk 1:22:04]} e5 {[%clk 1:31:42]} 10. Bc4 {[%clk 1:19:52]} exd4
{[%clk 1:31:12]} 11. exd4 {[%clk 1:17:21]} c5 {[%clk 1:26:15]} 12. dxc5
{[%clk 1:11:59]} Re8+ {[%clk 1:16:29]} 13. Kf1 {[%clk 1:10:28]} Qc7
{[%clk 1:08:14]} 14. Nb3 {[%clk 0:53:51]} Qf4 {[%clk 1:08:35]} 15. Bb5
{[%clk 0:44:58]} Nc6 {[%clk 1:06:27]} 16. Qd6 {[%clk 0:25:22]} Be5
{[%clk 1:04:34]} 17. Qd2 {[%clk 0:25:04]} Qf6 {[%clk 1:04:05]} 18. Re1
{[%clk 0:22:41]} Bg4 {[%clk 1:02:53]} 19. Bxc6 {[%clk 0:14:26]} bxc6
{[%clk 1:01:42]} 20. Qe3 {[%clk 0:13:24]} Re6 {[%clk 0:58:04]} 21. Nbd4
{[%clk 0:08:04]} Bxd4 {[%clk 0:51:55]} 22. Qxd4 {[%clk 0:08:06]} Rxe1+
{[%clk 0:50:48]} 23. Kxe1 {[%clk 0:08:26]} Qe6+ {[%clk 0:51:09]} 24. Kf2
{[%clk 0:04:32]} Bxf3 {[%clk 0:51:28]} 25. gxf3 {[%clk 0:04:33]} Qxa2
{[%clk 0:51:06]} 26. Re1 {[%clk 0:04:34]} Qxb2+ {[%clk 0:50:03]} 27. Re2
{[%clk 0:04:07]} Qb8 {[%clk 0:46:08]} 28. Kg2 {[%clk 0:03:24]} Qd8
{[%clk 0:42:47]} 29. Ra2 {[%clk 0:01:43]} Qg5+ {[%clk 0:41:23]} 30. Kf2
{[%clk 0:01:50]} a5 {[%clk 0:41:08]} 31. h4 {[%clk 0:01:09]} Qe7 {[%clk 0:39:15]}
32. Re2 {[%clk 0:01:27]} Qd8 {[%clk 0:39:04]} 33. Qf4 {[%clk 0:01:06]} a4
{[%clk 0:38:20]} 34. Rd2 {[%clk 0:01:19]} Qe7 {[%clk 0:37:52]} 35. Rd6
{[%clk 0:00:49]} Re8 {[%clk 0:36:50]} 36. Qxh6 {[%clk 0:00:35]} Qe1+
{[%clk 0:36:31]} 37. Kg2 {[%clk 0:01:02]} Re2+ {[%clk 0:36:41]} 38. Kh3
{[%clk 0:01:29]} Qh1+ {[%clk 0:36:44]} 39. Kg3 {[%clk 0:01:36]} Qh2+
{[%clk 0:36:49]} 0-1

[Event "Portugal Open 2020"]
[Site "Lisboa POR"]
[Date "2020.01.31"]
[Round "8.17"]
[White "PALOZZA, Christian"]
[Black "SPRAGGETT, Kevin"]
[Result "0-1"]
[BlackElo "2501"]
[WhiteElo "2198"]
[LiveChessVersion "1.4.8"]

1. d4 {[%clk 1:30:58]} Nf6 {[%clk 1:30:22]} 2. c4 {[%clk 1:31:19]} d6
{[%clk 1:30:34]} 3. Nf3 {[%clk 1:31:41]} Nbd7 {[%clk 1:30:34]} 4. g3
{[%clk 1:31:30]} g6 {[%clk 1:30:42]} 5. Bg2 {[%clk 1:31:55]} Bg7 {[%clk 1:31:07]}
6. O-O {[%clk 1:32:21]} O-O {[%clk 1:31:31]} 7. Nc3 {[%clk 1:32:49]} e5
{[%clk 1:31:45]} 8. e4 c6 {[%clk 1:32:05]} 9. h3 {[%clk 1:32:14]} exd4
{[%clk 1:31:48]} 10. Nxd4 {[%clk 1:32:37]} Qb6 {[%clk 1:32:10]} 11. Nde2
{[%clk 1:22:58]} Ne8 {[%clk 1:28:50]} 12. b3 {[%clk 1:19:27]} a6 {[%clk 1:19:19]}
13. Be3 {[%clk 1:11:43]} Qa5 {[%clk 1:19:44]} 14. Bd4 {[%clk 1:12:01]} Nef6
{[%clk 1:17:50]} 15. Rc1 {[%clk 1:10:26]} Rd8 {[%clk 1:16:34]} 16. Be3
{[%clk 1:00:57]} Nc5 {[%clk 1:12:14]} 17. Rb1 {[%clk 0:50:30]} Qc7
{[%clk 1:12:04]} 18. b4 {[%clk 0:47:03]} Ncd7 {[%clk 1:08:16]} 19. f4
{[%clk 0:44:08]} Nb6 {[%clk 1:06:11]} 20. Qd4 Nfd5 {[%clk 1:02:48]} 21. Nxd5
{[%clk 0:26:24]} Bxd4 {[%clk 0:58:08]} 22. Nxc7 {[%clk 0:26:49]} Bxe3+
{[%clk 0:58:32]} 23. Kh2 {[%clk 0:27:17]} Rb8 {[%clk 0:58:46]} 24. b5
{[%clk 0:26:35]} Bc5 {[%clk 0:44:12]} 25. Rfd1 {[%clk 0:20:40]} Rd7
{[%clk 0:37:48]} 26. Ne8 {[%clk 0:20:29]} Rd8 {[%clk 0:37:05]} 27. Nf6+
{[%clk 0:18:12]} Kg7 {[%clk 0:37:23]} 28. bxc6 {[%clk 0:18:34]} bxc6
{[%clk 0:37:41]} 29. e5 {[%clk 0:18:59]} Bf5 {[%clk 0:36:02]} 30. Be4
{[%clk 0:12:37]} dxe5 {[%clk 0:36:18]} 31. fxe5 {[%clk 0:12:22]} Be6
{[%clk 0:34:26]} 32. Bxc6 {[%clk 0:10:33]} Rxd1 {[%clk 0:33:26]} 33. Rxd1
{[%clk 0:11:00]} Nxc4 {[%clk 0:33:45]} 34. Ne4 {[%clk 0:07:54]} Rb2
{[%clk 0:30:25]} 35. Nxc5 {[%clk 0:07:07]} Rxe2+ {[%clk 0:30:49]} 36. Kh1
{[%clk 0:07:22]} Bxh3 {[%clk 0:30:03]} 37. Nxa6 {[%clk 0:07:11]} Nxe5
{[%clk 0:30:01]} 38. Bd5 Be6 {[%clk 0:28:31]} 39. Bg2 {[%clk 0:03:08]} Rxa2
{[%clk 0:28:38]} 40. Nc5 {[%clk 0:03:04]} Bg4 {[%clk 0:28:43]} 41. Re1
{[%clk 0:03:05]} Bf3 {[%clk 0:28:41]} 42. Rxe5 {[%clk 0:03:07]} Rxg2
{[%clk 0:28:43]} 43. Re3 {[%clk 0:03:02]} Bc6 {[%clk 0:28:15]} 0-1

[Event "Portugal Open 2020"]
[Site "Lisboa POR"]
[Date "2020.01.31"]
[Round "8.18"]
[White "SAVANOVIC, Aleksandar"]
[Black "HILL, Alistair"]
[Result "1-0"]
[BlackElo "2217"]
[WhiteElo "2414"]
[LiveChessVersion "1.4.8"]

1. e4 {[%clk 1:31:00]} c5 {[%clk 1:21:39]} 2. Nf3 {[%clk 1:31:18]} Nc6
{[%clk 1:22:02]} 3. d4 {[%clk 1:31:41]} cxd4 {[%clk 1:22:26]} 4. Nxd4
{[%clk 1:32:05]} Nf6 {[%clk 1:22:50]} 5. Nc3 {[%clk 1:32:30]} e5 {[%clk 1:23:13]}
6. Ndb5 {[%clk 1:32:38]} d6 {[%clk 1:23:37]} 7. Bg5 {[%clk 1:33:03]} a6
{[%clk 1:24:03]} 8. Na3 {[%clk 1:33:28]} b5 {[%clk 1:24:29]} 9. Nd5
{[%clk 1:32:26]} Be7 {[%clk 1:24:53]} 10. Bxf6 {[%clk 1:32:50]} Bxf6
{[%clk 1:25:18]} 11. c3 {[%clk 1:33:16]} Bg5 {[%clk 1:25:12]} 12. Nc2
{[%clk 1:33:39]} Rb8 {[%clk 1:24:56]} 13. Be2 {[%clk 1:33:58]} O-O
{[%clk 1:24:13]} 14. O-O {[%clk 1:34:21]} Be6 {[%clk 1:22:53]} 15. Qd3
{[%clk 1:30:57]} Ne7 {[%clk 1:12:29]} 16. Ncb4 {[%clk 1:30:30]} Bxd5
{[%clk 1:12:06]} 17. Nxd5 {[%clk 1:30:51]} Nxd5 {[%clk 1:11:47]} 18. Qxd5
{[%clk 1:31:15]} Qc7 {[%clk 1:10:45]} 19. Rfd1 {[%clk 1:25:50]} Rb6
{[%clk 1:05:39]} 20. g3 {[%clk 1:08:02]} Rfb8 {[%clk 1:03:13]} 21. Qd3
{[%clk 1:04:24]} g6 {[%clk 0:54:18]} 22. Qf3 {[%clk 0:59:53]} Rc6
{[%clk 0:49:41]} 23. Kg2 {[%clk 0:54:04]} b4 {[%clk 0:48:01]} 24. cxb4
{[%clk 0:54:04]} Rxb4 {[%clk 0:48:17]} 25. b3 {[%clk 0:54:16]} Bd8
{[%clk 0:44:01]} 26. Bc4 {[%clk 0:52:44]} Qe7 {[%clk 0:44:28]} 27. Rac1
{[%clk 0:45:47]} Kg7 {[%clk 0:41:05]} 28. Rc3 {[%clk 0:46:07]} a5
{[%clk 0:39:32]} 29. Qe2 {[%clk 0:45:38]} Rb8 {[%clk 0:37:28]} 30. Rf3
{[%clk 0:45:39]} f6 {[%clk 0:37:24]} 31. Qd2 {[%clk 0:42:08]} Bc7
{[%clk 0:37:24]} 32. a4 {[%clk 0:40:30]} Rc5 {[%clk 0:37:02]} 33. g4
{[%clk 0:37:51]} h6 {[%clk 0:34:35]} 34. h4 {[%clk 0:35:17]} Rh8 {[%clk 0:29:28]}
35. h5 {[%clk 0:22:39]} g5 {[%clk 0:29:18]} 36. Rd3 {[%clk 0:22:52]} Rb8
{[%clk 0:25:56]} 37. Kg3 {[%clk 0:22:58]} Qe8 {[%clk 0:23:17]} 38. Qe3
{[%clk 0:21:27]} Rb4 {[%clk 0:20:49]} 39. Qxc5 {[%clk 0:19:54]} dxc5
{[%clk 0:21:13]} 40. Rd7+ {[%clk 0:20:20]} 1-0

[Event "Portugal Open 2020"]
[Site "Lisboa POR"]
[Date "2020.01.31"]
[Round "8.19"]
[White "BORGES, Guilherme Deola"]
[Black "ALSHAMEARY PUENTE, Ismael"]
[Result "0-1"]
[BlackElo "2385"]
[WhiteElo "2134"]
[LiveChessVersion "1.4.8"]

1. d4 {[%clk 1:30:57]} Nf6 {[%clk 1:31:08]} 2. c4 {[%clk 1:31:44]} c5
{[%clk 1:31:08]} 3. d5 b5 {[%clk 1:31:13]} 4. Qc2 {[%clk 1:32:08]} bxc4
{[%clk 1:31:19]} 5. e4 {[%clk 1:32:32]} d6 {[%clk 1:31:47]} 6. Bxc4
{[%clk 1:32:33]} g6 {[%clk 1:32:11]} 7. Nf3 {[%clk 1:32:09]} Bg7 {[%clk 1:32:36]}
8. h3 {[%clk 1:31:40]} O-O {[%clk 1:32:58]} 9. O-O Nbd7 {[%clk 1:32:27]} 10. Re1
{[%clk 1:31:02]} Nb6 {[%clk 1:31:59]} 11. Bf1 {[%clk 1:25:26]} Ne8
{[%clk 1:31:11]} 12. Nc3 {[%clk 1:25:08]} Nc7 {[%clk 1:30:19]} 13. Bf4
{[%clk 1:18:26]} a5 {[%clk 1:25:32]} 14. Rad1 {[%clk 1:07:55]} a4
{[%clk 1:19:54]} 15. e5 {[%clk 1:02:38]} Bf5 {[%clk 1:05:50]} 16. Qc1
{[%clk 0:56:41]} Re8 {[%clk 1:02:32]} 17. Bh6 Bc8 18. Bxg7 {[%clk 0:50:16]} Kxg7
{[%clk 1:02:05]} 19. Re4 {[%clk 0:45:28]} h6 {[%clk 0:56:00]} 20. e6
{[%clk 0:36:54]} fxe6 {[%clk 0:52:18]} 21. Rg4 {[%clk 0:34:32]} exd5
{[%clk 0:40:18]} 22. Rxg6+ {[%clk 0:30:10]} Kxg6 {[%clk 0:38:42]} 23. Nh4+
{[%clk 0:30:34]} Kg7 {[%clk 0:31:17]} 24. Qc2 {[%clk 0:17:23]} Rg8
{[%clk 0:29:46]} 25. Qg6+ {[%clk 0:09:43]} Kf8 {[%clk 0:29:29]} 26. Qxh6+
{[%clk 0:07:23]} Ke8 {[%clk 0:28:31]} 27. Nxd5 {[%clk 0:05:17]} Nbxd5
{[%clk 0:27:23]} 28. Rxd5 {[%clk 0:05:39]} Ba6 {[%clk 0:25:43]} 29. Qh7
{[%clk 0:01:16]} Kd7 {[%clk 0:24:18]} 30. Rxd6+ {[%clk 0:01:16]} Kxd6
{[%clk 0:24:09]} 31. Nf5+ {[%clk 0:01:43]} Ke5 0-1